| 000 | 00656nam a2200205Ia 4500 | ||
|---|---|---|---|
| 003 | GCL | ||
| 005 | 20240530104657.0 | ||
| 008 | 140319s9999 xx 000 0 ara d | ||
| 040 |
_aGCL / _cGCL |
||
| 082 | 0 | 4 |
_aق _b953.07393 _bا م |
| 100 | 1 | _aالسيد الباز العرينى | |
| 245 | 1 | 0 |
_aمصر فى عصر الايوبين / _cالسيد الباز العرينى |
| 300 | _a295 ص | ||
| 490 |
_aالالف كتاب _v0 |
||
| 650 | 0 | 4 | _aالتاريخ الاسلامى |
| 650 | 0 | 4 | _aالتاريخ |
| 650 | 0 | 4 | _aالدولة الايوبية |
| 650 | 0 | 4 | _aمصر - تاريخ - العصر الايوبى ( 1171-1250 م ) |
| 942 |
_2ddc _cBK |
||
| 999 |
_c49754 _d49754 |
||